[Event "Championnat de France - Open B"]
[Site "Belfort - SNPHHUATVS"]
[Date "2010.08.19"]
[Round "9.5"]
[White "Rouffignac, Tanguy"]
[Black "Elice, Florent"]
[Result "0-1"]
[WhiteElo "1891"]
[BlackElo "1990"]
[PlyCount "84"]

1. e4 d6 2. d4 Nf6 3. Nc3 c6 4. f4 Qa5 5. Bd3 e5 6. Nf3 Bg4 7. dxe5 dxe5 8. O-O
Bc5+ 9. Kh1 Nbd7 10. h3 Bxf3 11. Qxf3 O-O-O 12. a3 Qc7 13. Rb1 exf4 14. Bxf4
Bd6 15. b4 Bxf4 16. Qxf4 Qxf4 17. Rxf4 Ne5 18. Rd1 Nh5 19. Rf2 g6 20. g4 Ng7
21. b5 Kc7 22. bxc6 bxc6 23. Kg2 Ne6 24. Rfd2 h5 25. Be2 Rxd2 26. Rxd2 h4 27.
Bf1 Rd8 28. Rf2 Rd4 29. Bd3 Ng5 30. Ne2 Ra4 31. Rf6 Ne6 32. Nf4 Nxf4+ 33. Rxf4
Rxa3 34. g5 Ra2 35. Kf1 a5 36. Rxh4 c5 37. Rh8 c4 38. Be2 Rxc2 39. Ra8 Ra2 40.
Ra7+ Kd6 41. Ke1 Kc5 42. Kd1 Kd4 0-1

[Event "Championnat de France - Open B"]
[Site "Belfort - SNPHHUATVS"]
[Date "2010.08.19"]
[Round "9.6"]
[White "Maruejols, Claude"]
[Black "Pouchon, Joffrey"]
[Result "1-0"]
[WhiteElo "1974"]
[BlackElo "1856"]
[PlyCount "85"]

1. d4 d5 2. c4 e6 3. Nc3 Nf6 4. cxd5 exd5 5. Bg5 Be7 6. e3 c6 7. Qc2 Nbd7 8.
Bd3 O-O 9. Nge2 Re8 10. O-O Nf8 11. f3 h6 12. Bh4 c5 13. Rad1 c4 14. Bf5 g6 15.
Bxc8 Rxc8 16. e4 g5 17. Bf2 Rc6 18. Ng3 Ng6 19. e5 Nh7 20. Nf5 Bf8 21. Ne3 Ne7
22. Bg3 Bg7 23. f4 f6 24. fxg5 fxg5 25. Nb5 Rf8 26. Nd6 Qd7 27. Rxf8+ Nxf8 28.
Qf2 Nc8 29. Nxd5 Nxd6 30. exd6 Ng6 31. Nf6+ Bxf6 32. Qxf6 Qf7 33. Qxf7+ Kxf7
34. d5 Rc8 35. Rf1+ Kg7 36. Bf2 Rd8 37. Bd4+ Kg8 38. Rf6 Nf8 39. Rxh6 b5 40. a3
a6 41. Kf2 Rd7 42. Ke3 Rf7 43. Rh8# 1-0

[Event "Championnat de France - Open B"]
[Site "Belfort - SNPHHUATVS"]
[Date "2010.08.19"]
[Round "9.7"]
[White "Guilbert, Jean-Louis"]
[Black "Fuhrmann, Valentin"]
[Result "1-0"]
[WhiteElo "1957"]
[BlackElo "1853"]
[PlyCount "71"]

1. d4 d5 2. c4 e6 3. cxd5 exd5 4. Nc3 Nf6 5. Bg5 c6 6. e3 Be7 7. Bd3 Nbd7 8.
Nge2 O-O 9. O-O Re8 10. Qc2 Nf8 11. f3 c5 12. Kh1 cxd4 13. Nxd4 h6 14. Bh4 Ne6
15. Nf5 d4 16. Nxe7+ Rxe7 17. Bxf6 gxf6 18. Ne4 Rc7 19. Qf2 f5 20. Qg3+ Ng7 21.
Nd6 dxe3 22. Rac1 Rxc1 23. Rxc1 Be6 24. Bxf5 Qf6 25. Bxe6 Qxe6 26. Ne4 Kh8 27.
Qf4 f5 28. Nc3 Rd8 29. Re1 Re8 30. g3 Qa6 31. Kg2 Qd3 32. Qxh6+ Kg8 33. Qf4 b5
34. Qb4 Re5 35. Re2 Re4 36. Qxb5 1-0

[Event "Championnat de France - Open B"]
[Site "Belfort - SNPHHUATVS"]
[Date "2010.08.19"]
[Round "9.8"]
[White "Hourlier, Claire"]
[Black "Chasez, Fabien"]
[Result "1-0"]
[WhiteElo "1904"]
[BlackElo "1925"]
[PlyCount "49"]

1. e4 c6 2. d4 d5 3. exd5 cxd5 4. Bd3 Qc7 5. c3 Nc6 6. Nf3 Bg4 7. O-O e6 8.
Nbd2 Bd6 9. h3 Bh5 10. Re1 Nge7 11. Qc2 Bg6 12. Bxg6 Nxg6 13. h4 O-O-O 14. a4
Be7 15. g3 e5 16. dxe5 Kb8 17. Qf5 f6 18. exf6 Bxf6 19. Nb3 Rhf8 20. Qc2 Nce5
21. Nxe5 Bxe5 22. Bg5 Rd6 23. h5 Bf6 24. Bxf6 Rdxf6 25. hxg6 1-0

[Event "Championnat de France - Open B"]
[Site "Belfort - SNPHHUATVS"]
[Date "2010.08.19"]
[Round "9.9"]
[White "Roussey, Quentin"]
[Black "Garnier, Teddy"]
[Result "1-0"]
[WhiteElo "1870"]
[BlackElo "1923"]
[PlyCount "61"]

1. d4 Nf6 2. Nf3 e6 3. g3 Be7 4. Bg2 O-O 5. O-O d5 6. Nbd2 c5 7. e3 b5 8. b3 c4
9. bxc4 bxc4 10. Nxc4 Ba6 11. Nfe5 Nfd7 12. Re1 f6 13. Nxd7 Nxd7 14. Nb2 Bb4
15. Bd2 Ba3 16. Nd3 Bxd3 17. cxd3 Nb6 18. e4 Bb2 19. Rb1 Bxd4 20. Qg4 f5 21.
exf5 e5 22. h4 Qd7 23. Bh3 Kh8 24. Qg5 Qf7 25. Bb4 Rfe8 26. Rbc1 Na4 27. Rc6 e4
28. dxe4 Qb7 29. Rec1 Qxb4 30. f6 Nc5 31. Qxg7# 1-0

[Event "Championnat de France - Open B"]
[Site "Belfort - SNPHHUATVS"]
[Date "2010.08.19"]
[Round "9.10"]
[White "Masset, Jacques"]
[Black "Pouchon, Mickael"]
[Result "1-0"]
[WhiteElo "1919"]
[BlackElo "1889"]
[PlyCount "69"]

1. d4 f5 2. h3 d5 3. g4 fxg4 4. hxg4 Bxg4 5. Qd3 Qd7 6. Bh3 Nc6 7. Bg5 O-O-O 8.
Bxg4 Qxg4 9. Nf3 g6 10. Nbd2 Bg7 11. O-O-O Nf6 12. Rh4 Qe6 13. Rdh1 Ng4 14. Be3
Nxe3 15. fxe3 h6 16. Nb3 b6 17. Qa6+ Kb8 18. Nfd2 Ka8 19. c3 Qxe3 20. Nc5 Rb8
21. Qb5 Nd8 22. R4h3 c6 23. Rxe3 cxb5 24. Na6 Rb7 25. Nf3 Bf6 26. Kc2 Nc6 27.
Ne5 Nxe5 28. dxe5 Bg5 29. Rg3 Rf8 30. e6 Rf6 31. Rd3 Rxe6 32. Rxd5 Rb8 33. Nc7+
Kb7 34. Nxe6 Kc6 35. Rd3 1-0

[Event "Championnat de France - Open B"]
[Site "Belfort - SNPHHUATVS"]
[Date "2010.08.20"]
[Round "10.1"]
[White "Etienne, Berenger"]
[Black "Turmel, Fabien"]
[Result "1/2-1/2"]
[WhiteElo "1860"]
[BlackElo "1885"]
[PlyCount "49"]

1. e4 c5 2. Nf3 Nc6 3. c3 Nf6 4. e5 Nd5 5. d4 cxd4 6. cxd4 d6 7. Bc4 e6 8. O-O
Be7 9. Re1 O-O 10. exd6 Qxd6 11. Nc3 Nb6 12. Bb3 Bf6 13. Ne4 Qd8 14. Nxf6+ Qxf6
15. Bg5 Qg6 16. Qd2 f6 17. Bf4 Nd5 18. Bg3 Bd7 19. Rac1 Rfe8 20. a3 Rad8 21.
Re2 Bc8 22. Rce1 Qf7 23. Ba4 Bd7 24. Bb3 Bc8 25. Ba4 1/2-1/2

[Event "Championnat de France - Open B"]
[Site "Belfort - SNPHHUATVS"]
[Date "2010.08.20"]
[Round "10.2"]
[White "Elice, Florent"]
[Black "Plantet, Marc"]
[Result "1-0"]
[WhiteElo "1990"]
[BlackElo "1938"]
[PlyCount "38"]

1. e4 e5 2. Nf3 Nf6 3. d4 d5 4. Nxe5 Nxe4 5. Bd3 Bd6 6. O-O Nc6 7. Qh5 Nxe5 8.
dxe5 g6 9. Qh6 Bxe5 10. Bxe4 dxe4 11. Nc3 f5 12. Bg5 Qd7 13. Rad1 Qg7 14. Qxg7
Bxg7 15. Nb5 O-O 16. Nxc7 Rb8 17. Be7 Rf7 18. Rd8+ Bf8 19. Bd6 Kg7 1-0

[Event "Championnat de France - Open B"]
[Site "Belfort - SNPHHUATVS"]
[Date "2010.08.20"]
[Round "10.3"]
[White "Lorieux, Christian"]
[Black "Maruejols, Claude"]
[Result "1-0"]
[WhiteElo "1954"]
[BlackElo "1974"]
[PlyCount "77"]

1. f4 d5 2. Nf3 g6 3. g3 Bg7 4. Bg2 Nf6 5. d3 c5 6. O-O O-O 7. c3 Nc6 8. Na3
Rb8 9. Nc2 b6 10. Nh4 Bb7 11. Rb1 d4 12. c4 a5 13. b3 e5 14. a3 Qe7 15. b4 axb4
16. axb4 exf4 17. Bxf4 Ra8 18. bxc5 bxc5 19. Bg5 Rab8 20. Rxb7 Rxb7 21. Bxc6
Rb6 22. Bb5 h6 23. Bd2 Re6 24. Ng2 g5 25. e4 dxe3 26. Ngxe3 Qd8 27. Bc3 Rd6 28.
Bxf6 Bxf6 29. Nd5 Bg7 30. Rf5 Qa5 31. Ne7+ Kh7 32. Rd5 Re6 33. Nf5 Bc3 34. Rxc5
Rfe8 35. Kg2 Re4 36. Kh3 Qb6 37. Bxe8 Rxe8 38. Qh5 Re6 39. Qxf7+ 1-0

[Event "Championnat de France - Open B"]
[Site "Belfort - SNPHHUATVS"]
[Date "2010.08.20"]
[Round "10.4"]
[White "Messinger, Karl"]
[Black "Roussey, Quentin"]
[Result "1-0"]
[WhiteElo "1870"]
[BlackElo "1870"]
[PlyCount "84"]

1. e4 d5 2. exd5 Nf6 3. d4 Bg4 4. Be2 Bxe2 5. Qxe2 Qxd5 6. Nf3 e6 7. O-O Nc6 8.
Rd1 O-O-O 9. c4 Qe4 10. Nc3 Qxe2 11. Nxe2 h6 12. b3 g5 13. Bb2 Bg7 14. h3 Ne4
15. Ng3 Nxg3 16. fxg3 Rd7 17. Rd2 Rhd8 18. Rad1 Ne7 19. Kf2 c5 20. Ba3 b6 21.
dxc5 Rxd2+ 22. Rxd2 Rxd2+ 23. Nxd2 Bd4+ 24. Kf3 bxc5 25. Ne4 f5 26. Nxc5 e5 27.
Ne6 e4+ 28. Ke2 Bf6 29. Bc5 a6 30. Nd4 f4 31. gxf4 gxf4 32. Ne6 Ng6 33. Bb4 Kb7
34. Nc5+ Kc6 35. Nxe4 Bd4 36. Nd2 Nh4 37. Nf3 Nxf3 38. Kxf3 Be5 39. Bd2 Kc5 40.
Bxf4 Bg7 41. Kg4 Kb4 42. Bd6+ Kc3 1-0

[Event "Championnat de France - Open B"]
[Site "Belfort - SNPHHUATVS"]
[Date "2010.08.20"]
[Round "10.5"]
[White "Guilbert, Jean-Louis"]
[Black "Hourlier, Claire"]
[Result "1-0"]
[WhiteElo "1957"]
[BlackElo "1904"]
[PlyCount "78"]

1. d4 Nf6 2. c4 g6 3. Nc3 Bg7 4. e4 d6 5. f4 O-O 6. Nf3 Na6 7. Be2 e5 8. dxe5
dxe5 9. Nxe5 Nc5 10. Bf3 Qxd1+ 11. Kxd1 Rd8+ 12. Kc2 a5 13. Be3 Ncxe4 14. Nxe4
Bf5 15. g4 Bxe4+ 16. Bxe4 Nxe4 17. Rhe1 f6 18. Nf3 Nd6 19. c5 Nc4 20. Bd4 Rd7
21. Kc3 b5 22. a4 Rad8 23. axb5 Nd2 24. Nxd2 Rxd4 25. Re8+ Rxe8 26. Kxd4 f5+
27. Kd3 Rd8+ 28. Kc2 Bd4 29. Nb3 Be3 30. Rxa5 Bxf4 31. gxf5 gxf5 32. h3 Bg3 33.
Ra4 Kg7 34. Rd4 Rb8 35. Rd7+ Kg6 36. Nd4 Be5 37. Nc6 Re8 38. Nxe5+ Rxe5 39.
Rxc7 f4 1-0

[Event "Championnat de France - Open B"]
[Site "Belfort - SNPHHUATVS"]
[Date "2010.08.20"]
[Round "10.6"]
[White "Masset, Jacques"]
[Black "Goettelmann, Guillaume"]
[Result "1/2-1/2"]
[WhiteElo "1919"]
[BlackElo "1901"]
[PlyCount "27"]

1. d4 Nf6 2. c4 g6 3. Nc3 Bg7 4. e4 d6 5. Nf3 O-O 6. Be2 e5 7. dxe5 dxe5 8.
Qxd8 Rxd8 9. Bg5 c6 10. Nxe5 Re8 11. O-O-O Na6 12. f4 h6 13. Bh4 g5 14. Bg3
1/2-1/2

[Event "Championnat de France - Open B"]
[Site "Belfort - SNPHHUATVS"]
[Date "2010.08.20"]
[Round "10.7"]
[White "Gaillard, Michel"]
[Black "Grignon, Maxime"]
[Result "0-1"]
[WhiteElo "1982"]
[BlackElo "1920"]
[Annotator "Rivier,Sylvain"]
[PlyCount "21"]

1. e4 d5 2. e5 c5 3. c3 Nc6 4. d4 cxd4 5. cxd4 Qb6 6. Ne2 Bf5 7. a3 e6 8. Nbc3
Rc8 9. Na4 Qc7 10. Nac3 a6 11. b4 {suite illisible} 0-1

[Event "Championnat de France - Open B"]
[Site "Belfort - SNPHHUATVS"]
[Date "2010.08.20"]
[Round "10.8"]
[White "Degardin, Sylvain"]
[Black "Mannheim, Pascal"]
[Result "1/2-1/2"]
[WhiteElo "1883"]
[BlackElo "1950"]
[PlyCount "54"]

1. e4 c5 2. Nf3 e6 3. Nc3 Nc6 4. d4 cxd4 5. Nxd4 Nf6 6. Ndb5 d6 7. Bf4 e5 8.
Bg5 a6 9. Na3 b5 10. Nd5 Be6 11. Bxf6 gxf6 12. Ne3 Rc8 13. c3 Qd7 14. Qf3 Be7
15. Bd3 b4 16. Nac4 Qc7 17. O-O bxc3 18. bxc3 Na5 19. Nxa5 Qxa5 20. c4 Rg8 21.
Kh1 Rg6 22. Nd5 Qd2 23. Qe3 Qxe3 24. Nxe3 a5 25. Rab1 Bd8 26. f4 Rg8 27. f5 Bd7
1/2-1/2

[Event "Championnat de France - Open B"]
[Site "Belfort - SNPHHUATVS"]
[Date "2010.08.20"]
[Round "10.9"]
[White "Constantin, Francois"]
[Black "Loiseau, Jean"]
[Result "0-1"]
[WhiteElo "1947"]
[BlackElo "1873"]
[PlyCount "38"]

1. c4 e6 2. Nc3 d5 3. d4 Nf6 4. Nf3 Be7 5. Bf4 O-O 6. e3 c5 7. h3 Nc6 8. cxd5
exd5 9. dxc5 Bxc5 10. Be2 Be6 11. O-O Ne4 12. Nxe4 dxe4 13. Nd2 Bf5 14. Nb3 Bb6
15. a3 Qf6 16. Rb1 Rfd8 17. Qe1 Be6 18. Nc1 Rac8 19. f3 Qxf4 0-1

[Event "Championnat de France - Open B"]
[Site "Belfort - SNPHHUATVS"]
[Date "2010.08.20"]
[Round "10.10"]
[White "Richet, Vincent"]
[Black "Hallay, Axel"]
[Result "0-1"]
[WhiteElo "1933"]
[BlackElo "1807"]
[PlyCount "76"]

1. e4 c5 2. Nf3 Nc6 3. d4 cxd4 4. Nxd4 Nf6 5. Nc3 e5 6. Ndb5 d6 7. Bg5 a6 8.
Bxf6 gxf6 9. Na3 b5 10. Nd5 f5 11. g3 fxe4 12. Bg2 Bf5 13. O-O Bg7 14. f3 Ne7
15. fxe4 Nxd5 16. Qxd5 Be6 17. Qc6+ Ke7 18. Rad1 Qd7 19. Qc3 h5 20. Rf2 Rac8
21. Qe3 f6 22. Nb1 b4 23. b3 a5 24. Qb6 Qc7 25. Qa6 Qc5 26. Rdf1 h4 27. g4 Bxg4
28. h3 Bd7 29. Qe2 Bh6 30. Qf3 Rcf8 31. Re1 Bf4 32. Nd2 Bxd2 33. Ree2 Bf4 34.
Kh1 Rfg8 35. Rf1 Rg3 36. Qf2 Qxf2 37. Rexf2 Rhg8 38. Rd1 Bxh3 0-1

[Event "Championnat de France - Open B"]
[Site "Belfort - SNPHHUATVS"]
[Date "2010.08.21"]
[Round "11.2"]
[White "Messinger, Karl"]
[Black "Lorieux, Christian"]
[Result "1-0"]
[WhiteElo "1870"]
[BlackElo "1954"]
[PlyCount "59"]

1. e4 e6 2. d4 d5 3. Nd2 Nf6 4. e5 Nfd7 5. Bd3 c5 6. c3 Nc6 7. Ne2 Qb6 8. Nf3
cxd4 9. cxd4 Be7 10. O-O f6 11. exf6 Nxf6 12. Re1 Bd7 13. Nf4 O-O 14. Nxe6 Bxe6
15. Rxe6 Qc7 16. Bg5 Ng4 17. Bxe7 Rxf3 18. Bd6 Qf7 19. Qxf3 Qxe6 20. Bf5 Qxd6
21. Qxg4 Re8 22. Bxh7+ Kf8 23. Qf5+ Qf6 24. Qxd5 Re2 25. Qc5+ Ke8 26. d5 Qxb2
27. Bg6+ Kd8 28. Qd6+ Kc8 29. Bf5+ Re6 30. Bxe6# 1-0

[Event "Championnat de France - Open B"]
[Site "Belfort - SNPHHUATVS"]
[Date "2010.08.21"]
[Round "11.3"]
[White "Plantet, Marc"]
[Black "Guilbert, Jean-Louis"]
[Result "1-0"]
[WhiteElo "1938"]
[BlackElo "1957"]
[PlyCount "63"]

1. e4 c5 2. Nf3 d6 3. d4 cxd4 4. Nxd4 Nf6 5. Nc3 g6 6. Be3 Bg7 7. f3 O-O 8. Bc4
Nc6 9. Qd2 Bd7 10. O-O-O Rc8 11. Bb3 Ne5 12. h4 Nc4 13. Bxc4 Rxc4 14. h5 Nxh5
15. g4 Nf6 16. Nde2 b5 17. Bh6 Bh8 18. e5 b4 19. Nb1 dxe5 20. g5 Bf5 21. c3 Nd7
22. Ng3 Be6 23. Bxf8 Kxf8 24. Rxh7 Bg7 25. Qh2 f5 26. Rxg7 Kxg7 27. Qh6+ Kf7
28. Qh7+ Kf8 29. Qxg6 Bf7 30. Qh6+ Kg8 31. Nxf5 Qf8 32. Rxd7 1-0

[Event "Championnat de France - Open B"]
[Site "Belfort - SNPHHUATVS"]
[Date "2010.08.21"]
[Round "11.5"]
[White "Loiseau, Jean"]
[Black "Grignon, Maxime"]
[Result "1-0"]
[WhiteElo "1873"]
[BlackElo "1920"]
[PlyCount "137"]

1. e4 e5 2. Nf3 Nf6 3. Nxe5 d6 4. Nf3 Nxe4 5. d4 d5 6. Bd3 Bd6 7. c4 c6 8. Nc3
Nxc3 9. bxc3 O-O 10. O-O dxc4 11. Bxc4 Bg4 12. h3 Bh5 13. Rb1 b5 14. Be2 Nd7
15. Ng5 Bxe2 16. Qxe2 h6 17. Ne4 Nb6 18. Nxd6 Qxd6 19. Qf3 Nd5 20. c4 bxc4 21.
Ba3 Qf4 22. Qxf4 Nxf4 23. Bxf8 Kxf8 24. Rfe1 Rd8 25. Re4 Nd3 26. Kf1 g6 27. g3
c3 28. Re2 Rxd4 29. Rc2 Rc4 30. Rb3 Nb4 31. Rcxc3 Rxc3 32. Rxc3 Nxa2 33. Rxc6
Nb4 34. Rc4 Nd5 35. Ra4 Kg7 36. Rxa7 h5 37. Ra5 Nf6 38. Kg2 Ne4 39. Ra4 Nf6 40.
Kf3 Nd5 41. Ra5 Nf6 42. h4 Ng4 43. Ra2 Nf6 44. Kf4 Nd5+ 45. Ke5 Ne7 46. Ra6 Nf5
47. Ra7 Nh6 48. Kf4 Ng4 49. f3 Nf6 50. Ke5 Ng8 51. g4 hxg4 52. fxg4 Nf6 53. g5
Nh5 54. Ra3 Kg8 55. Rf3 Kg7 56. Kd6 Kf8 57. Kd7 Ng7 58. Rf6 Nh5 59. Ra6 Ng3 60.
Ra8+ Kg7 61. Ke8 Nf5 62. Ra4 Nd6+ 63. Kd7 Nf5 64. Rf4 f6 65. Ke6 fxg5 66. hxg5
Kh8 67. Kf6 Ng7 68. Rh4+ Nh5+ 69. Kf7 1-0

[Event "Championnat de France - Open B"]
[Site "Belfort - SNPHHUATVS"]
[Date "2010.08.21"]
[Round "11.6"]
[White "Hallay, Axel"]
[Black "Masset, Jacques"]
[Result "0-1"]
[WhiteElo "1807"]
[BlackElo "1919"]
[PlyCount "102"]

1. d4 Nf6 2. c4 e6 3. Nf3 c5 4. d5 exd5 5. cxd5 g6 6. Nc3 d6 7. e4 Bg7 8. Be2
O-O 9. O-O Bg4 10. Nd2 Bxe2 11. Qxe2 Re8 12. Qd3 Nbd7 13. f4 c4 14. Qf3 Nc5 15.
Re1 Nd3 16. Re2 b5 17. Kf1 a6 18. Rb1 Nd7 19. Nd1 N7c5 20. b4 Nxc1 21. Rxc1 Nd3
22. Rb1 Bd4 23. a3 Ra7 24. Nb3 Bb6 25. Nc1 Qh4 26. g3 Qh3+ 27. Qg2 Qxg2+ 28.
Kxg2 Nxc1 29. Rxc1 Rae7 30. Kf3 f5 31. e5 dxe5 32. fxe5 Rxe5 33. Rd2 Be3 34.
Nxe3 Rxe3+ 35. Kf2 Rxa3 36. d6 Rd8 37. Re1 Rd3 38. Rxd3 cxd3 39. Re6 Kf7 40.
Re7+ Kf6 41. Rxh7 Rxd6 42. Ke1 Ke5 43. Kd2 g5 44. h4 g4 45. h5 Ke4 46. Re7+ Kf3
47. Re3+ Kg2 48. Rxd3 Rh6 49. Ra3 Rxh5 50. Rxa6 Kxg3 51. Rb6 f4 0-1

[Event "Championnat de France - Open B"]
[Site "Belfort - SNPHHUATVS"]
[Date "2010.08.21"]
[Round "11.7"]
[White "Humeau, Mickael"]
[Black "Garnier, Teddy"]
[Result "0-1"]
[WhiteElo "1984"]
[BlackElo "1923"]
[PlyCount "70"]

1. d4 Nf6 2. e3 e6 3. Ne2 c5 4. g3 d5 5. Bg2 cxd4 6. exd4 Nc6 7. Nbc3 Bd6 8.
O-O a6 9. a3 b5 10. Re1 Bb7 11. Nf4 O-O 12. Be3 Na5 13. Nd3 Qc7 14. Bg5 Nd7 15.
Qg4 Rfe8 16. Nf4 Kh8 17. Bf1 Nc4 18. b4 Nxa3 19. Rxa3 Bxb4 20. Nxb5 Qb6 21. Bd3
Bxe1 22. Qh5 f5 23. g4 Nf8 24. gxf5 exf5 25. Qf7 Bd2 26. Nh5 Qg6 27. Qxb7 Qxg5+
28. Ng3 f4 29. Nd6 Re1+ 30. Kg2 Qf6 31. Nf7+ Kg8 32. Bxh7+ Kxh7 33. Qxa8 fxg3
34. Rxg3 Qxf7 35. Rf3 Rg1+ 0-1

[Event "Championnat de France - Open B"]
[Site "Belfort - SNPHHUATVS"]
[Date "2010.08.21"]
[Round "11.8"]
[White "Najart, David"]
[Black "Hourlier, Claire"]
[Result "1/2-1/2"]
[WhiteElo "1983"]
[BlackElo "1904"]
[PlyCount "114"]

1. d4 Nf6 2. c4 g6 3. Nc3 Bg7 4. e4 d6 5. Be2 O-O 6. Nf3 e5 7. O-O Na6 8. Be3
Qe8 9. dxe5 dxe5 10. c5 Ng4 11. Bxa6 Nxe3 12. fxe3 bxa6 13. Nd5 Rb8 14. c6 Kh8
15. Qc2 Qd8 16. Rad1 Qd6 17. a3 Bh6 18. Qc3 f6 19. Nb6 Qe6 20. Nd7 Bxd7 21.
cxd7 Rfd8 22. Qxc7 Bxe3+ 23. Kh1 Bb6 24. Qd6 Qxd6 25. Rxd6 Kg7 26. Nd2 Rb7 27.
Nc4 Rbxd7 28. Rdxf6 Rd1 29. Rf7+ Kg8 30. Nxe5 Rxf1+ 31. Rxf1 Re8 32. Nd7 Bd4
33. Nf6+ Bxf6 34. Rxf6 Rxe4 35. h3 a5 36. Ra6 Re2 37. Rxa5 Rxb2 38. Rxa7 Ra2
39. Kh2 h6 40. Kg3 g5 41. Kf3 Rc2 42. g3 Rc6 43. a4 Rc4 44. a5 Ra4 45. a6 Kh8
46. Ra8+ Kg7 47. a7 Kh7 48. Ke3 Kg7 49. Kd3 Kh7 50. Kc3 Kg7 51. Kb3 Ra1 52. Kc4
Ra2 53. Kd5 Ra4 54. Kc6 Ra2 55. Kd6 Ra4 56. g4 Ra3 57. Kc6 Ra2 1/2-1/2

[Event "Championnat de France - Open B"]
[Site "Belfort - SNPHHUATVS"]
[Date "2010.08.21"]
[Round "11.10"]
[White "Mannheim, Pascal"]
[Black "Aumont, Alexandre"]
[Result "0-1"]
[WhiteElo "1950"]
[BlackElo "1898"]
[PlyCount "130"]

1. e4 e6 2. d4 d5 3. Nc3 Nf6 4. Bg5 Be7 5. e5 Nfd7 6. h4 Bxg5 7. hxg5 Qxg5 8.
Nh3 Qe7 9. Nf4 Nc6 10. Qg4 g6 11. Bd3 Nf8 12. O-O-O Bd7 13. Rh6 O-O-O 14. Nh3
f5 15. Qg5 Re8 16. Be2 Nd8 17. Qxe7 Rxe7 18. Nb5 Nf7 19. Rh4 Bxb5 20. Bxb5 c6
21. Bd3 Nd7 22. Rh1 c5 23. c3 Nb8 24. g4 cxd4 25. cxd4 Nc6 26. gxf5 exf5 27.
Ng1 Nfd8 28. Ne2 Ne6 29. Kd2 g5 30. Rh5 Rf7 31. Kc3 Rc7 32. Kd2 Rf7 33. Kc3 Kd8
34. a3 Rc7 35. Kd2 Rf7 36. Kc3 Rc7 37. Kd2 Rf7 38. Kc3 a6 39. b4 Rc7 40. Kd2
Rf7 41. Kc3 Ke7 42. Rh6 Rc8 43. Kd2 Nexd4 44. Nxd4 Nxd4 45. Rxh7 Nf3+ 46. Ke2
Nxe5 47. Bxf5 Rc3 48. Rxf7+ Kxf7 49. Rh3 Rxh3 50. Bxh3 b6 51. Bc8 a5 52. bxa5
bxa5 53. a4 d4 54. Ba6 Ke6 55. Bb5 Kd5 56. Ba6 Kc5 57. Bb5 Kb4 58. Kd2 Kb3 59.
Be8 Kc4 60. Bb5+ Kd5 61. Ba6 Nc4+ 62. Kc2 Nb6 63. Bb5 Nc4 64. Ba6 Kc5 65. Bb5
Na3+ 0-1